[Event "ODJM B 2025"]
[Site "Willingen GER"]
[Date "2025.06.11"]
[Round "6"]
[White "Mai, Maximilian"]
[Black "Lau, Lars"]
[Result "1/2-1/2"]
[Termination "normal"]
[Board "35"]
[WhiteElo "1697"]
[BlackElo "1569"]
[WhiteClock "01:12:53"]
[BlackClock "01:10:19"]
[PlyCount "56"]
[WhiteFideId "34628924"]
[BlackFideId "34623663"]
[EventCountry "GER"]
[EventRounds "9"]
[EventType "swiss"]
[EventDate "2025.06.07"]

1. d4 {[%clk 01:30:39]} {[%emt 00:00:20]} d5 {[%clk 01:30:56]} {[%emt
00:00:05]} 2. Nf3 {[%clk 01:31:03]} {[%emt 00:00:06]} e6 {[%clk 01:31:06]}
{[%emt 00:00:19]} 3. c4 {[%clk 01:31:25]} {[%emt 00:00:09]} Nf6 {[%clk
01:31:29]} {[%emt 00:00:07]} 4. Bg5 {[%clk 01:31:29]} {[%emt 00:00:26]} Be7
{[%clk 01:30:49]} {[%emt 00:01:10]} 5. e3 {[%clk 01:31:40]} {[%emt 00:00:19]}
O-O {[%clk 01:30:28]} {[%emt 00:00:51]} 6. Nc3 {[%clk 01:31:49]} {[%emt
00:00:21]} Nbd7 {[%clk 01:30:17]} {[%emt 00:00:41]} 7. cxd5 {[%clk 01:29:25]}
{[%emt 00:02:54]} exd5 {[%clk 01:30:33]} {[%emt 00:00:14]} 8. Bd3 {[%clk
01:29:46]} {[%emt 00:00:09]} c6 {[%clk 01:30:44]} {[%emt 00:00:19]} 9. Rc1
{[%clk 01:29:39]} {[%emt 00:00:36]} Re8 {[%clk 01:30:36]} {[%emt 00:00:38]} 10.
O-O {[%clk 01:30:00]} {[%emt 00:00:09]} Nf8 {[%clk 01:29:15]} {[%emt 00:01:52]}
11. Ne5 {[%clk 01:29:03]} {[%emt 00:01:27]} Ng6 {[%clk 01:18:22]} {[%emt
00:11:23]} 12. Nxg6 {[%clk 01:28:10]} {[%emt 00:01:23]} hxg6 {[%clk 01:18:43]}
{[%emt 00:00:08]} 13. a3 {[%clk 01:28:16]} {[%emt 00:00:25]} Bf5 {[%clk
01:17:03]} {[%emt 00:02:09]} 14. Bxf5 {[%clk 01:25:28]} {[%emt 00:03:19]} gxf5
{[%clk 01:17:27]} {[%emt 00:00:06]} 15. Qd3 {[%clk 01:25:37]} {[%emt 00:00:21]}
g6 {[%clk 01:16:28]} {[%emt 00:01:29]} 16. Na4 {[%clk 01:19:47]} {[%emt
00:06:20]} Nd7 {[%clk 01:12:07]} {[%emt 00:04:50]} 17. Bxe7 {[%clk 01:20:09]}
{[%emt 00:00:08]} Qxe7 {[%clk 01:12:30]} {[%emt 00:00:07]} 18. Rfe1 {[%clk
01:18:43]} {[%emt 00:01:55]} Kg7 {[%clk 01:11:19]} {[%emt 00:01:41]} 19. Nc3
{[%clk 01:14:16]} {[%emt 00:04:58]} Rh8 {[%clk 01:10:44]} {[%emt 00:01:05]} 20.
Ne2 {[%clk 01:13:56]} {[%emt 00:00:49]} Nf6 {[%clk 01:10:07]} {[%emt 00:01:07]}
21. Ng3 {[%clk 01:12:41]} {[%emt 00:01:46]} Ne4 {[%clk 01:10:28]} {[%emt
00:00:09]} 22. f3 {[%clk 01:12:15]} {[%emt 00:00:55]} Nxg3 {[%clk 01:10:22]}
{[%emt 00:00:36]} 23. hxg3 {[%clk 01:12:40]} {[%emt 00:00:05]} Rae8 {[%clk
01:08:50]} {[%emt 00:02:03]} 24. Kf2 {[%clk 01:12:39]} {[%emt 00:00:30]} Rh2
{[%clk 01:09:12]} {[%emt 00:00:08]} 25. Rh1 {[%clk 01:11:51]} {[%emt 00:01:18]}
Reh8 {[%clk 01:09:37]} {[%emt 00:00:06]} 26. Rxh2 {[%clk 01:12:06]} {[%emt
00:00:15]} Rxh2 {[%clk 01:10:01]} {[%emt 00:00:05]} 27. Kg1 {[%clk 01:12:27]}
{[%emt 00:00:10]} Rh8 {[%clk 01:10:26]} {[%emt 00:00:05]} 28. Kf2 {[%clk
01:12:53]} {[%emt 00:00:03]} Rh2 {[%clk 01:10:19]} 1/2-1/2

[Event "ODJM B 2025"]
[Site "Willingen GER"]
[Date "2025.06.11"]
[Round "6"]
[White "Gold, Finnja"]
[Black "Hesse, Lucas"]
[Result "1-0"]
[Termination "normal"]
[Board "36"]
[WhiteElo "1631"]
[BlackElo "1508"]
[WhiteClock "01:02:42"]
[BlackClock "00:58:08"]
[PlyCount "59"]
[WhiteFideId "34660453"]
[BlackFideId "16261330"]
[EventCountry "GER"]
[EventRounds "9"]
[EventType "swiss"]
[EventDate "2025.06.07"]

1. e4 {[%clk 01:30:58]} {[%emt 00:00:01]} d5 {[%clk 01:30:53]} {[%emt
00:00:08]} 2. exd5 {[%clk 01:31:23]} {[%emt 00:00:04]} Qxd5 {[%clk 01:31:18]}
{[%emt 00:00:05]} 3. Nc3 {[%clk 01:31:45]} {[%emt 00:00:08]} Qa5 {[%clk
01:31:42]} {[%emt 00:00:06]} 4. d4 {[%clk 01:32:07]} {[%emt 00:00:07]} c6
{[%clk 01:32:10]} {[%emt 00:00:04]} 5. Bd2 {[%clk 01:32:29]} {[%emt 00:00:07]}
Qc7 {[%clk 01:32:33]} {[%emt 00:00:08]} 6. Bc4 {[%clk 01:32:47]} {[%emt
00:00:11]} Bf5 {[%clk 01:32:38]} {[%emt 00:00:25]} 7. Nf3 {[%clk 01:33:02]}
{[%emt 00:00:14]} e6 {[%clk 01:32:56]} {[%emt 00:00:13]} 8. O-O {[%clk
01:33:17]} {[%emt 00:00:15]} Nf6 {[%clk 01:32:50]} {[%emt 00:00:36]} 9. Re1
{[%clk 01:33:05]} {[%emt 00:00:42]} Nbd7 {[%clk 01:31:24]} {[%emt 00:01:56]}
10. Nh4 {[%clk 01:16:54]} {[%emt 00:16:35]} Bg6 {[%clk 01:29:36]} {[%emt
00:02:24]} 11. d5 {[%clk 01:16:02]} {[%emt 00:01:21]} cxd5 {[%clk 01:27:42]}
{[%emt 00:02:25]} 12. Bxd5 {[%clk 01:16:20]} {[%emt 00:00:11]} Bxc2 {[%clk
01:26:47]} {[%emt 00:01:25]} 13. Qe2 {[%clk 01:08:19]} {[%emt 00:08:30]} Nxd5
{[%clk 01:22:08]} {[%emt 00:05:11]} 14. Nxd5 {[%clk 01:08:33]} {[%emt
00:00:16]} Qc6 {[%clk 01:22:24]} {[%emt 00:00:14]} 15. Nb4 {[%clk 01:07:02]}
{[%emt 00:01:59]} Bxb4 {[%clk 01:16:33]} {[%emt 00:06:22]} 16. Bxb4 {[%clk
01:07:25]} {[%emt 00:00:07]} Ba4 {[%clk 01:16:47]} {[%emt 00:00:16]} 17. Rac1
{[%clk 01:06:55]} {[%emt 00:00:58]} Qd5 {[%clk 01:16:23]} {[%emt 00:00:56]} 18.
b3 {[%clk 01:06:15]} {[%emt 00:01:09]} Bc6 {[%clk 01:14:45]} {[%emt 00:02:09]}
19. Red1 {[%clk 01:06:04]} {[%emt 00:00:40]} Qg5 {[%clk 01:12:19]} {[%emt
00:02:57]} 20. Nf3 {[%clk 01:04:32]} {[%emt 00:02:01]} Qg6 {[%clk 01:07:05]}
{[%emt 00:05:44]} 21. Qd2 {[%clk 01:03:55]} {[%emt 00:01:06]} Rd8 {[%clk
01:06:09]} {[%emt 00:01:28]} 22. Rxc6 {[%clk 01:02:04]} {[%emt 00:02:21]} bxc6
{[%clk 01:02:20]} {[%emt 00:04:20]} 23. Ne5 {[%clk 01:01:47]} {[%emt 00:00:46]}
Qe4 {[%clk 01:01:51]} {[%emt 00:00:59]} 24. Qd6 {[%clk 01:01:19]} {[%emt
00:00:57]} Qxb4 {[%clk 00:58:56]} {[%emt 00:03:26]} 25. Qxb4 {[%clk 01:01:39]}
{[%emt 00:00:10]} c5 {[%clk 00:59:20]} {[%emt 00:00:07]} 26. Qe4 {[%clk
01:01:31]} {[%emt 00:00:35]} O-O {[%clk 00:58:22]} {[%emt 00:01:30]} 27. Rxd7
{[%clk 01:01:46]} {[%emt 00:00:15]} Rxd7 {[%clk 00:58:27]} {[%emt 00:00:26]}
28. Nxd7 {[%clk 01:02:03]} {[%emt 00:00:12]} Rd8 {[%clk 00:58:49]} {[%emt
00:00:08]} 29. Qc6 {[%clk 01:02:24]} {[%emt 00:00:09]} a5 {[%clk 00:58:08]}
{[%emt 00:01:12]} 30. Kf1 {[%clk 01:02:42]} {[%emt 00:00:11]} 1-0

[Event "ODJM B 2025"]
[Site "Willingen GER"]
[Date "2025.06.11"]
[Round "6"]
[White "Claussen, Alexander"]
[Black "Schmidt, Emelie"]
[Result "0-1"]
[Termination "normal"]
[Board "37"]
[WhiteElo "1654"]
[BlackElo "1575"]
[WhiteClock "00:04:12"]
[BlackClock "00:29:52"]
[PlyCount "122"]
[WhiteFideId "16248910"]
[BlackFideId "34682490"]
[EventCountry "GER"]
[EventRounds "9"]
[EventType "swiss"]
[EventDate "2025.06.07"]

1. d4 {[%clk 01:30:58]} {[%emt 00:00:01]} d5 {[%clk 01:30:52]} {[%emt
00:00:09]} 2. Nf3 {[%clk 01:31:24]} {[%emt 00:00:04]} Nf6 {[%clk 01:31:12]}
{[%emt 00:00:10]} 3. e3 {[%clk 01:31:50]} {[%emt 00:00:04]} Bf5 {[%clk
01:31:22]} {[%emt 00:00:20]} 4. c4 {[%clk 01:32:16]} {[%emt 00:00:05]} e6
{[%clk 01:30:44]} {[%emt 00:01:07]} 5. Qb3 {[%clk 01:31:37]} {[%emt 00:01:08]}
b6 {[%clk 01:29:35]} {[%emt 00:01:40]} 6. Nc3 {[%clk 01:29:17]} {[%emt
00:02:49]} h6 {[%clk 01:28:19]} {[%emt 00:01:47]} 7. cxd5 {[%clk 01:27:33]}
{[%emt 00:02:14]} exd5 {[%clk 01:27:10]} {[%emt 00:01:38]} 8. Ne5 {[%clk
01:26:51]} {[%emt 00:01:12]} c6 {[%clk 01:20:14]} {[%emt 00:07:27]} 9. f3
{[%clk 00:59:18]} {[%emt 00:28:03]} Qc7 {[%clk 01:11:11]} {[%emt 00:09:32]} 10.
e4 {[%clk 00:38:48]} {[%emt 00:21:01]} dxe4 {[%clk 01:02:06]} {[%emt 00:09:35]}
11. Bc4 {[%clk 00:38:57]} {[%emt 00:00:21]} exf3 {[%clk 00:55:19]} {[%emt
00:07:16]} 12. Bxf7+ {[%clk 00:31:21]} {[%emt 00:08:06]} Kd8 {[%clk 00:54:06]}
{[%emt 00:01:44]} 13. gxf3 {[%clk 00:23:01]} {[%emt 00:08:50]} Bd6 {[%clk
00:44:07]} {[%emt 00:10:29]} 14. Bf4 {[%clk 00:22:24]} {[%emt 00:01:07]} Nbd7
{[%clk 00:42:04]} {[%emt 00:02:33]} 15. O-O-O {[%clk 00:22:08]} {[%emt
00:00:46]} Kc8 {[%clk 00:40:57]} {[%emt 00:01:37]} 16. Be6 {[%clk 00:19:13]}
{[%emt 00:03:25]} Bxe6 {[%clk 00:39:04]} {[%emt 00:02:23]} 17. Qxe6 {[%clk
00:19:38]} {[%emt 00:00:05]} Re8 {[%clk 00:37:42]} {[%emt 00:01:52]} 18. Qf5
{[%clk 00:19:58]} {[%emt 00:00:10]} Kb7 {[%clk 00:36:48]} {[%emt 00:01:24]} 19.
Bg3 {[%clk 00:19:34]} {[%emt 00:00:54]} Nxe5 {[%clk 00:36:11]} {[%emt
00:01:06]} 20. dxe5 {[%clk 00:19:56]} {[%emt 00:00:09]} Bxe5 {[%clk 00:36:01]}
{[%emt 00:00:40]} 21. f4 {[%clk 00:16:37]} {[%emt 00:03:49]} Bxc3 {[%clk
00:34:59]} {[%emt 00:01:32]} 22. bxc3 {[%clk 00:16:59]} {[%emt 00:00:07]} Qe7
{[%clk 00:35:01]} {[%emt 00:00:29]} 23. Rd3 {[%clk 00:05:53]} {[%emt 00:11:36]}
Qe4 {[%clk 00:33:00]} {[%emt 00:02:31]} 24. Qxe4 {[%clk 00:05:36]} {[%emt
00:00:46]} Rxe4 {[%clk 00:33:28]} {[%emt 00:00:03]} 25. Rhd1 {[%clk 00:03:17]}
{[%emt 00:02:49]} Re7 {[%clk 00:31:57]} {[%emt 00:02:01]} 26. Bh4 {[%clk
00:03:13]} {[%emt 00:00:34]} Rf7 {[%clk 00:31:56]} {[%emt 00:00:30]} 27. Bxf6
{[%emt 00:02:12]} Rxf6 {[%clk 00:30:15]} {[%emt 00:02:09]} 28. Rd7+ {[%clk
00:01:59]} {[%emt 00:00:04]} Ka6 {[%clk 00:30:37]} {[%emt 00:00:09]} 29. Rxg7
{[%clk 00:02:22]} {[%emt 00:00:06]} Rxf4 {[%clk 00:30:55]} {[%emt 00:00:12]}
30. Rh7 {[%clk 00:02:42]} {[%emt 00:00:11]} Rh4 {[%clk 00:30:09]} {[%emt
00:01:16]} 31. Rd2 {[%clk 00:03:02]} {[%emt 00:00:10]} c5 {[%clk 00:29:52]}
{[%emt 00:00:46]} 32. Kb2 {[%clk 00:01:56]} {[%emt 00:01:36]} Rf8 {[%clk
00:29:11]} {[%emt 00:01:12]} 33. Kb3 {[%clk 00:02:00]} {[%emt 00:00:26]} Rh3
{[%clk 00:28:49]} {[%emt 00:00:52]} 34. Rdd7 {[%emt 00:01:34]} Ra8 {[%clk
00:28:28]} 35. Rd6 {[%clk 00:01:11]} {[%emt 00:01:06]} Rxh2 {[%clk 00:27:15]}
{[%emt 00:01:42]} 36. Rdxh6 {[%clk 00:01:31]} {[%emt 00:00:11]} Rxh6 {[%clk
00:27:07]} {[%emt 00:00:38]} 37. Rxh6 {[%clk 00:01:57]} {[%emt 00:00:04]} Rf8
{[%clk 00:27:19]} {[%emt 00:00:17]} 38. a4 {[%clk 00:00:41]} {[%emt 00:01:47]}
Ka5 {[%clk 00:23:21]} {[%emt 00:04:28]} 39. Rh7 {[%clk 00:00:34]} {[%emt
00:00:38]} a6 {[%clk 00:23:07]} {[%emt 00:00:43]} 40. Rh4 {[%clk 00:00:44]}
{[%emt 00:00:20]} Rf2 {[%clk 00:21:54]} {[%emt 00:01:42]} 41. Rc4 {[%clk
00:27:13]} {[%emt 00:04:01]} Rf5 {[%clk 00:51:44]} {[%emt 00:00:40]} 42. Re4
{[%clk 00:25:54]} {[%emt 00:01:49]} b5 {[%clk 00:45:43]} {[%emt 00:06:31]} 43.
axb5 {[%clk 00:21:36]} {[%emt 00:04:48]} axb5 {[%clk 00:45:46]} {[%emt
00:00:27]} 44. Re3 {[%clk 00:20:42]} {[%emt 00:01:24]} Rd5 {[%clk 00:42:32]}
{[%emt 00:03:44]} 45. c4 {[%clk 00:19:40]} {[%emt 00:01:33]} Rd4 {[%clk
00:41:51]} {[%emt 00:01:11]} 46. cxb5 {[%clk 00:19:27]} {[%emt 00:00:43]} Kxb5
{[%clk 00:40:40]} {[%emt 00:01:41]} 47. Kc3 {[%clk 00:19:36]} {[%emt 00:00:21]}
Ra4 {[%clk 00:37:21]} {[%emt 00:03:48]} 48. Kb3 {[%clk 00:13:17]} {[%emt
00:06:49]} c4+ {[%clk 00:32:58]} {[%emt 00:04:53]} 49. Kb2 {[%clk 00:13:31]}
{[%emt 00:00:17]} Kb4 {[%clk 00:32:57]} {[%emt 00:00:31]} 50. Rg3 {[%clk
00:13:19]} {[%emt 00:00:41]} Ra6 {[%clk 00:31:49]} {[%emt 00:01:39]} 51. Rh3
{[%clk 00:10:55]} {[%emt 00:02:54]} Rg6 {[%clk 00:31:32]} {[%emt 00:00:46]} 52.
Rh2 {[%clk 00:11:01]} {[%emt 00:00:24]} Rg3 {[%clk 00:31:39]} {[%emt 00:00:23]}
53. Rf2 {[%clk 00:10:26]} {[%emt 00:01:05]} Rb3+ {[%clk 00:30:56]} {[%emt
00:01:12]} 54. Kc2 {[%clk 00:07:35]} {[%emt 00:03:22]} Ra3 {[%clk 00:30:48]}
{[%emt 00:00:38]} 55. Kb2 {[%clk 00:07:32]} {[%emt 00:00:34]} c3+ {[%clk
00:30:59]} {[%emt 00:00:18]} 56. Kb1 {[%clk 00:07:45]} {[%emt 00:00:17]} Kb3
{[%clk 00:31:03]} {[%emt 00:00:25]} 57. Rf3 {[%clk 00:06:27]} {[%emt 00:01:49]}
Ra5 {[%clk 00:31:04]} {[%emt 00:00:30]} 58. Rg3 {[%clk 00:04:55]} {[%emt
00:02:02]} Rf5 {[%clk 00:30:39]} {[%emt 00:00:54]} 59. Rg1 {[%clk 00:05:11]}
{[%emt 00:00:14]} Rf2 {[%clk 00:29:43]} {[%emt 00:01:26]} 60. Rh1 {[%clk
00:04:54]} {[%emt 00:00:48]} Rb2+ {[%clk 00:29:37]} {[%emt 00:00:36]} 61. Ka1
{[%clk 00:04:12]} {[%emt 00:01:13]} Ra2+ {[%clk 00:29:52]} {[%emt 00:00:14]}
0-1

[Event "ODJM B 2025"]
[Site "Willingen GER"]
[Date "2025.06.11"]
[Round "6"]
[White "Stelter, Finja"]
[Black "Geib, Niklas"]
[Result "1-0"]
[Termination "normal"]
[Board "38"]
[WhiteElo "1730"]
[BlackElo "1581"]
[WhiteClock "00:54:34"]
[BlackClock "01:24:06"]
[PlyCount "49"]
[WhiteFideId "16298624"]
[BlackFideId "34682236"]
[EventCountry "GER"]
[EventRounds "9"]
[EventType "swiss"]
[EventDate "2025.06.07"]

1. e4 {[%clk 01:30:57]} {[%emt 00:00:02]} d5 {[%clk 01:30:57]} {[%emt
00:00:04]} 2. exd5 {[%clk 01:30:46]} {[%emt 00:00:40]} Qxd5 {[%clk 01:31:21]}
{[%emt 00:00:07]} 3. Nc3 {[%clk 01:30:48]} {[%emt 00:00:27]} Qa5 {[%clk
01:31:46]} {[%emt 00:00:05]} 4. d4 {[%clk 01:30:25]} {[%emt 00:00:53]} c6
{[%clk 01:32:12]} {[%emt 00:00:05]} 5. Nf3 {[%clk 01:30:01]} {[%emt 00:00:54]}
Bg4 {[%clk 01:32:37]} {[%emt 00:00:05]} 6. Be2 {[%clk 01:28:57]} {[%emt
00:01:33]} Nf6 {[%clk 01:32:53]} {[%emt 00:00:14]} 7. Ne5 {[%clk 01:27:47]}
{[%emt 00:01:40]} Bxe2 {[%clk 01:33:00]} {[%emt 00:00:23]} 8. Qxe2 {[%clk
01:28:05]} {[%emt 00:00:12]} e6 {[%clk 01:32:51]} {[%emt 00:00:40]} 9. Bd2
{[%clk 01:27:10]} {[%emt 00:01:24]} Qc7 {[%clk 01:33:11]} {[%emt 00:00:11]} 10.
Bf4 {[%clk 01:24:15]} {[%emt 00:03:24]} Bd6 {[%clk 01:33:26]} {[%emt 00:00:15]}
11. Ne4 {[%clk 01:22:51]} {[%emt 00:01:54]} Nxe4 {[%clk 01:33:23]} {[%emt
00:00:34]} 12. Qxe4 {[%clk 01:23:16]} {[%emt 00:00:04]} Nd7 {[%clk 01:31:33]}
{[%emt 00:02:21]} 13. O-O {[%clk 01:16:29]} {[%emt 00:07:17]} O-O {[%clk
01:31:39]} {[%emt 00:00:23]} 14. Rfe1 {[%clk 01:13:35]} {[%emt 00:03:24]} Nxe5
{[%clk 01:31:21]} {[%emt 00:00:49]} 15. dxe5 {[%clk 01:12:59]} {[%emt
00:01:06]} Be7 {[%clk 01:31:27]} {[%emt 00:00:23]} 16. Re3 {[%clk 01:11:09]}
{[%emt 00:02:19]} Rfd8 {[%clk 01:31:28]} {[%emt 00:00:29]} 17. Rh3 {[%clk
01:10:53]} {[%emt 00:00:47]} g6 {[%clk 01:31:38]} {[%emt 00:00:21]} 18. Qe3
{[%clk 01:07:16]} {[%emt 00:04:04]} Rd7 {[%clk 01:30:30]} {[%emt 00:01:40]} 19.
Bh6 {[%clk 01:04:38]} {[%emt 00:03:08]} Rad8 {[%clk 01:30:18]} {[%emt
00:00:43]} 20. g3 {[%clk 01:03:36]} {[%emt 00:01:31]} Rd5 {[%clk 01:30:03]}
{[%emt 00:00:46]} 21. Bg7 {[%clk 00:57:37]} {[%emt 00:06:27]} Bf8 {[%clk
01:26:27]} {[%emt 00:04:07]} 22. Bf6 {[%clk 00:54:02]} {[%emt 00:04:05]} Be7
{[%clk 01:25:00]} {[%emt 00:01:57]} 23. Qh6 {[%clk 00:53:52]} {[%emt 00:00:38]}
Bxf6 {[%clk 01:25:20]} {[%emt 00:00:13]} 24. exf6 {[%clk 00:54:13]} {[%emt
00:00:09]} Rh5 {[%clk 01:24:06]} {[%emt 00:01:44]} 25. Qg7# {[%clk 00:54:34]}
{[%emt 00:00:08]} 1-0

[Event "ODJM B 2025"]
[Site "Willingen GER"]
[Date "2025.06.11"]
[Round "6"]
[White "Päpke, Aaron"]
[Black "Rempe, Mieke"]
[Result "0-1"]
[Termination "normal"]
[Board "40"]
[WhiteElo "1652"]
[BlackElo "1779"]
[WhiteClock "01:03:07"]
[BlackClock "00:10:01"]
[PlyCount "46"]
[WhiteFideId "34684930"]
[BlackFideId "16202384"]
[EventCountry "GER"]
[EventRounds "9"]
[EventType "swiss"]
[EventDate "2025.06.07"]

1. Nf3 {[%clk 01:30:58]} {[%emt 00:00:01]} d5 {[%clk 01:30:49]} {[%emt
00:00:12]} 2. c4 {[%clk 01:31:23]} {[%emt 00:00:04]} e6 {[%clk 01:30:38]}
{[%emt 00:00:41]} 3. g3 {[%clk 01:31:44]} {[%emt 00:00:09]} Nf6 {[%clk
01:31:00]} {[%emt 00:00:08]} 4. b3 {[%clk 01:32:10]} {[%emt 00:00:04]} Bd6
{[%clk 01:29:56]} {[%emt 00:01:34]} 5. Bg2 {[%clk 01:32:22]} {[%emt 00:00:18]}
Nc6 {[%clk 01:28:59]} {[%emt 00:01:28]} 6. Bb2 {[%clk 01:32:37]} {[%emt
00:00:14]} O-O {[%clk 01:28:25]} {[%emt 00:01:04]} 7. O-O {[%clk 01:33:03]}
{[%emt 00:00:03]} e5 {[%clk 01:24:52]} {[%emt 00:04:04]} 8. cxd5 {[%clk
01:32:24]} {[%emt 00:01:10]} Nxd5 {[%clk 01:24:59]} {[%emt 00:00:22]} 9. d3
{[%clk 01:24:13]} {[%emt 00:08:40]} Be6 {[%clk 01:20:53]} {[%emt 00:04:36]} 10.
Nbd2 {[%clk 01:24:36]} {[%emt 00:00:08]} f5 {[%clk 01:11:58]} {[%emt 00:09:25]}
11. Nc4 {[%clk 01:22:45]} {[%emt 00:02:21]} e4 {[%clk 01:03:32]} {[%emt
00:08:55]} 12. dxe4 {[%clk 01:20:43]} {[%emt 00:02:33]} fxe4 {[%clk 01:03:56]}
{[%emt 00:00:06]} 13. Nfd2 {[%clk 01:20:49]} {[%emt 00:00:24]} e3 {[%clk
01:03:20]} {[%emt 00:01:06]} 14. fxe3 {[%clk 01:17:30]} {[%emt 00:03:48]} Bc5
{[%clk 01:02:13]} {[%emt 00:01:38]} 15. Rxf8+ {[%clk 01:15:33]} {[%emt
00:02:27]} Qxf8 {[%clk 01:01:58]} {[%emt 00:00:45]} 16. Nf1 {[%clk 01:15:34]}
{[%emt 00:00:29]} Rd8 {[%clk 00:58:54]} {[%emt 00:03:34]} 17. Qc2 {[%clk
01:14:33]} {[%emt 00:01:31]} b5 {[%clk 00:53:13]} {[%emt 00:06:11]} 18. Ncd2
{[%clk 01:13:19]} {[%emt 00:01:44]} Nxe3 {[%clk 00:52:48]} {[%emt 00:00:55]}
19. Nxe3 {[%clk 01:11:52]} {[%emt 00:01:57]} Bxe3+ {[%clk 00:53:12]} {[%emt
00:00:06]} 20. Kh1 {[%clk 01:12:17]} {[%emt 00:00:04]} Rxd2 {[%clk 00:15:10]}
{[%emt 00:38:32]} 21. Qxc6 {[%clk 01:12:36]} {[%emt 00:00:11]} Rd6 {[%clk
00:12:09]} {[%emt 00:03:30]} 22. Qxc7 {[%clk 01:03:41]} {[%emt 00:09:27]} Bd5
{[%clk 00:10:15]} {[%emt 00:02:24]} 23. Rf1 {[%clk 01:03:07]} {[%emt 00:01:04]}
Qxf1# {[%clk 00:10:01]} 0-1

[Event "ODJM B 2025"]
[Site "Willingen GER"]
[Date "2025.06.11"]
[Round "6"]
[White "Othman, Beesan"]
[Black "de Cauter, Leah"]
[Result "1-0"]
[Termination "normal"]
[Board "41"]
[WhiteElo "1732"]
[BlackElo "1649"]
[WhiteClock "00:31:58"]
[BlackClock "00:30:35"]
[PlyCount "85"]
[WhiteFideId "34640738"]
[BlackFideId "16222350"]
[EventCountry "GER"]
[EventRounds "9"]
[EventType "swiss"]
[EventDate "2025.06.07"]

1. e4 {[%clk 01:30:57]} {[%emt 00:00:02]} c5 {[%clk 01:30:42]} {[%emt
00:00:19]} 2. Nf3 {[%clk 01:31:20]} {[%emt 00:00:07]} g6 {[%clk 01:31:01]}
{[%emt 00:00:10]} 3. d4 {[%clk 01:31:44]} {[%emt 00:00:06]} cxd4 {[%clk
01:30:18]} {[%emt 00:01:14]} 4. Nxd4 {[%clk 01:32:11]} {[%emt 00:00:03]} Bg7
{[%clk 01:30:37]} {[%emt 00:00:11]} 5. Nc3 {[%clk 01:32:33]} {[%emt 00:00:08]}
Nc6 {[%clk 01:30:41]} {[%emt 00:00:26]} 6. Be3 {[%clk 01:32:22]} {[%emt
00:00:40]} Nf6 {[%clk 01:28:04]} {[%emt 00:03:07]} 7. Be2 {[%clk 01:31:54]}
{[%emt 00:00:59]} d5 {[%clk 01:24:37]} {[%emt 00:03:57]} 8. Nxc6 {[%clk
01:19:00]} {[%emt 00:13:24]} bxc6 {[%clk 01:24:42]} {[%emt 00:00:26]} 9. e5
{[%clk 01:18:31]} {[%emt 00:00:58]} Nd7 {[%clk 01:19:32]} {[%emt 00:05:40]} 10.
f4 {[%clk 01:18:00]} {[%emt 00:01:00]} f6 {[%clk 01:01:29]} {[%emt 00:18:34]}
11. exf6 {[%clk 01:17:48]} {[%emt 00:00:42]} Nxf6 {[%clk 00:58:51]} {[%emt
00:03:07]} 12. O-O {[%clk 01:16:15]} {[%emt 00:02:02]} Qd6 {[%clk 00:50:45]}
{[%emt 00:08:36]} 13. Bf3 {[%clk 01:12:33]} {[%emt 00:04:12]} O-O {[%clk
00:45:31]} {[%emt 00:05:44]} 14. Na4 {[%clk 00:55:15]} {[%emt 00:17:49]} Nd7
{[%clk 00:40:42]} {[%emt 00:05:19]} 15. c4 {[%emt 00:20:45]} Ba6 {[%clk
00:30:27]} 16. c5 {[%emt 00:17:02]} Qc7 {[%clk 00:28:00]} {[%emt 00:02:54]} 17.
Re1 {[%clk 00:28:54]} {[%emt 00:00:51]} e5 {[%clk 00:19:04]} {[%emt 00:09:26]}
18. g3 {[%clk 00:16:17]} {[%emt 00:13:07]} e4 {[%clk 00:19:00]} {[%emt
00:00:33]} 19. Be2 {[%clk 00:15:59]} {[%emt 00:00:48]} Bxe2 {[%clk 00:17:27]}
{[%emt 00:02:04]} 20. Rxe2 {[%clk 00:16:23]} {[%emt 00:00:06]} Rab8 {[%clk
00:14:35]} {[%emt 00:03:22]} 21. Rc1 {[%clk 00:09:54]} {[%emt 00:06:59]} Nf6
{[%clk 00:13:19]} {[%emt 00:01:46]} 22. Bd4 {[%clk 00:09:48]} {[%emt 00:00:36]}
Qd7 {[%clk 00:11:19]} {[%emt 00:02:30]} 23. Nc3 {[%clk 00:07:54]} {[%emt
00:02:25]} Rb4 {[%clk 00:05:18]} {[%emt 00:06:27]} 24. a3 {[%clk 00:04:23]}
{[%emt 00:04:05]} Rb7 {[%clk 00:05:37]} {[%emt 00:00:11]} 25. b4 {[%clk
00:04:27]} {[%emt 00:00:26]} a6 {[%clk 00:04:51]} {[%emt 00:01:16]} 26. Bxf6
{[%clk 00:04:30]} {[%emt 00:00:27]} Bxf6 {[%clk 00:05:09]} {[%emt 00:00:12]}
27. Qb3 {[%clk 00:04:16]} {[%emt 00:00:43]} Kg7 {[%clk 00:05:07]} {[%emt
00:00:32]} 28. Rd1 {[%clk 00:04:35]} {[%emt 00:00:11]} Re8 {[%clk 00:04:51]}
{[%emt 00:00:46]} 29. Nxe4 {[%clk 00:01:44]} {[%emt 00:03:21]} Qe6 {[%clk
00:02:03]} {[%emt 00:03:15]} 30. Nxf6 {[%clk 00:01:31]} {[%emt 00:00:46]} Qxe2
{[%clk 00:01:56]} {[%emt 00:00:36]} 31. Nxe8+ {[%clk 00:01:56]} {[%emt
00:00:06]} Qxe8 {[%clk 00:02:19]} {[%emt 00:00:07]} 32. Qc3+ {[%clk 00:01:41]}
{[%emt 00:00:45]} Kh6 {[%clk 00:01:33]} {[%emt 00:01:15]} 33. Re1 {[%clk
00:00:51]} {[%emt 00:01:20]} Re7 {[%clk 00:01:48]} {[%emt 00:00:15]} 34. Kf2
{[%clk 00:01:10]} {[%emt 00:00:11]} Qd7 {[%clk 00:01:12]} {[%emt 00:01:06]} 35.
Rxe7 {[%clk 00:01:13]} {[%emt 00:00:27]} Qxe7 {[%clk 00:01:36]} {[%emt
00:00:06]} 36. Qe3 {[%clk 00:01:35]} {[%emt 00:00:08]} Qf6 {[%clk 00:00:55]}
{[%emt 00:01:10]} 37. Qe5 {[%clk 00:01:56]} {[%emt 00:00:09]} Qf7 {[%clk
00:00:51]} {[%emt 00:00:34]} 38. g4 {[%clk 00:01:32]} {[%emt 00:00:54]} Qf8
{[%clk 00:00:35]} {[%emt 00:00:46]} 39. Kg3 {[%clk 00:01:39]} {[%emt 00:00:24]}
Qd8 {[%clk 00:00:51]} {[%emt 00:00:14]} 40. g5+ {[%clk 00:01:38]} {[%emt
00:00:31]} Qxg5+ {[%clk 00:00:35]} {[%emt 00:00:46]} 41. fxg5+ {[%clk
00:01:57]} {[%emt 00:00:11]} Kh5 {[%clk 00:30:00]} {[%emt 00:00:35]} 42. h4
{[%clk 00:32:07]} {[%emt 00:00:20]} d4 {[%clk 00:30:35]} {[%emt 00:00:25]} 43.
Qe2# {[%clk 00:31:58]} {[%emt 00:00:08]} 1-0